| 000 | 00920nam0a22002531 4500 | ||
|---|---|---|---|
| 001 | rc\4815938 | ||
| 005 | 20250612223509.0 | ||
| 021 |
_aRU _b[57-55218] |
||
| 035 | _a(NLR Aleph) 008879755 | ||
| 090 |
_a8574223 _c8574223 |
||
| 100 | _a20130426d1957 |||y0rusy50 ca | ||
| 101 | 0 | _arus | |
| 102 | _aRU | ||
| 105 | _aa z ||||| | ||
| 200 | 1 | _aМастера-птицеводы колхоза "Малиновка" Всеволожского района Ленинградской области | |
| 210 |
_aМосква _aЛенинград _cСельхозгиз _d1957 |
||
| 215 |
_a47 с. _cил. _d20 |
||
| 606 |
_aКуры _xУход и содержание _yЛенинградская область _2psbo |
||
| 700 | 1 |
_aЧубинская _bА.А. _gАлександра Александровна |
|
| 801 | 0 |
_aRU _bNLR _gpsbo |
|
| 801 | 1 |
_aRU _bELAR _2rusmarc |
|
| 852 |
_aNLR _j57-4/14361 |
||
| 942 | _cBOOK | ||
| 980 | _aNB | ||